See Britain by train

Ακολουθώντας την κρατικοποίηση των μεταφορικών μέσων το 1948, η Βρεττανική Επιτροπή Μεταφορών δημιούργησε την δική της μονάδα παραγωγής ταινιών. Ξεκίνησε την 1η Μαΐου 1949 και καθοδηγούμενη για 25 χρόνια από τον Edgar Anstey έγινε μια από τις μεγαλύτερες κινηματογραφικές βιομηχανίες στην Βρεττανία....

Πλήρης περιγραφή

Αποθηκεύτηκε σε:
Λεπτομέρειες βιβλιογραφικής εγγραφής
Συγγραφή απο Οργανισμό/Αρχή: British Transport Commission
Άλλοι συγγραφείς: Anstey, Edgar 1882-1958
Μορφή: Διαφάνειες
Γλώσσα:English
Δημοσίευση: [London] : British Film Institute, [2005;]
Σειρά:British Transport Films collection ; ; 2
Θέματα:
Ετικέτες: Προσθήκη ετικέτας
Δεν υπάρχουν, Καταχωρήστε ετικέτα πρώτοι!

MARC

LEADER 00000 gm a2200000 i 4500
001 1/95957
008 081023s2005 g eng d
035 |l 10101113 
040 |a GR-MY-UA  |b gre  |e aacr 
041 0 |a eng 
082 0 |a 385.0941  |2 (22) 
245 1 0 |a See Britain by train  |h [μαγνητοσκόπηση] 
260 |a [London] :   |b British Film Institute,   |c [2005;] 
300 |a 2 βιντεοδίσκοι (249 λεπτ.);  |b ομίλ., ασπρόμ. & έγχρ.;  |c 4 3/4 ίν.+  |e 1 φυλλάδιο 
490 1 |a The British Transport Films collection  |v ; 2 
500 |a Κυκλοφόρησαν πρώτη φορά ως κινηματογραφικές ταινίες μικρού μήκους μεταξύ 1952 και 1966 
505 0 |a Disc 1: West Country journey (1953, 26 λεπτ.); A letter for Wales (1960, 25 λεπτ.); Cyclists special (1955, 16 λεπτ.); Holiday (1957, 18 λεπτ.); The heart is highland (1952, 20 λεπτ.); Any man's kingdom (1956, 20 λεπτ.)disc 2: Glasgow belongs to me (1966, 17 λεπτ.); The England of Elizabeth (1957, 27 λεπτ.); Capital visit (1955, 20 λεπτ.); The heart of England (1954, 20 λεπτ.); East Anglian holiday (1954, 20 λεπτ.); The coasts of Clyde (1959, 20 λεπτ.) 
508 |a Syd Sharples (West Country journey, Capital visit), Tony Thompson (A letter for Wales, Any man's kingdom), John Taylor (Holiday, The Heart is highland, The England of Elizabeth), Edward McConnell (Glasgow belongs to me), Michael Clarke (The heart of England, East Anglian holiday), James Ritchie (The coasts of Clyde) 
520 |a Ακολουθώντας την κρατικοποίηση των μεταφορικών μέσων το 1948, η Βρεττανική Επιτροπή Μεταφορών δημιούργησε την δική της μονάδα παραγωγής ταινιών. Ξεκίνησε την 1η Μαΐου 1949 και καθοδηγούμενη για 25 χρόνια από τον Edgar Anstey έγινε μια από τις μεγαλύτερες κινηματογραφικές βιομηχανίες στην Βρεττανία. 
650 0 0 |a Short films  |z Great Britain. 
650 0 0 |a Railroads  |z Great Britain. 
650 0 0 |a Transportation. 
650 0 0 |a Tourism  |z Great Britain. 
700 1 |a Anstey, Edgar  |d 1882-1958. 
710 2 |a British Transport Commission. 
830 0 |a British Transport Films collection ;  |v ; 2 
852 |a INST  |b SYROS  |c AV  |e 20081023  |h 385.0941 BRI  |p 005500008999  |q 005500008999  |t DVD  |y 23  |z Disc.2 
852 |a INST  |b SYROS  |c AV  |e 20081023  |h 385.0941 BRI  |p 005500009000  |q 005500009000  |t DVD  |y 23  |z Disc.1 
852 |a INST  |b SYROS  |c AV  |e 20081023  |h 385.0941 BRI  |p 005500008999  |q 005500008999  |t DVD  |v Disc.2:  |y 23  |z Disc.2 
852 |a INST  |b SYROS  |c AV  |e 20081023  |h 385.0941 BRI  |p 005500009000  |q 005500009000  |t DVD  |v Disc.1:  |y 23  |z Disc.1 
853 |a INST  |b SYROS  |c AV  |h 385.0941 BRI 
901 |a BIBL5-2008-1 
909 |a Ε  |b 154309 
909 |a Ε  |b 154310 
922 |a 5ΕΛΗ  |b 200709  |c ΒΙΒΛΙΟΘΗΚΗ ΣΥΡΟΥ  |d ANACO 
970 |a ΚΟΝΤΟΥ  |b ΠΑΡΑΣΚΕΥΗ  |z 2008/10/23